UGC NET/SET (JRF & LS): (Record no. 159128)

MARC details
000 -LEADER
fixed length control field 00530nam a22001817a 4500
005 - DATE AND TIME OF LATEST TRANSACTION
control field 20181204150800.0
010 ## - LCCN (DPL NO)
LC control number B-713026
020 ## - INTERNATIONAL STANDARD BOOK NUMBER
International Standard Book Number 9789312146507
035 ## - SYSTEM CONTROL NUMBER
System control number B-713026
037 ## - SOURCE OF ACQUISITION
Source of stock number/acquisition Arihant Publication
082 ## - DEWEY DECIMAL CLASSIFICATION NUMBER
Classification number 000
100 ## - MAIN ENTRY--PERSONAL NAME
Personal name Sharma, Surabhi
245 ## - TITLE STATEMENT
Title UGC NET/SET (JRF & LS):
Remainder of title Computer science and applications
260 ## - PUBLICATION, DISTRIBUTION, ETC. (IMPRINT)
Place of publication, distribution, etc New Delhi
Name of publisher, distributor, etc Arihant Publication
Date of publication, distribution, etc 2018
300 ## - PHYSICAL DESCRIPTION
Extent 1127p.
Dimensions 27 cm.(Pbk)
942 ## - ADDED ENTRY ELEMENTS (KOHA)
Source of classification or shelving scheme Dewey Decimal Classification
Item type English Books
Classification part 000
Call number suffix SHA
Holdings
Withdrawn status Lost status Not for loan Collection code Home library Current library Date acquired Full call number Barcode Koha item type
      Non-fiction Sarojini Nagar Sarojini Nagar 04/12/2018 000 SHA B-713026 English Books

© Delhi Public Library
Hit Counter
free hit counter